| 000 | 00951nam a22002297a 4500 | ||
|---|---|---|---|
| 999 |
_c8835 _d8835 |
||
| 003 | AR-CdUCM | ||
| 008 | 190326b ||||| |||| 00| 0 spa d | ||
| 040 |
_aMUNICIPALIDAD PROVINCIAL DEL CUSCO _cBIBLIOTECA MUNICIPAL DEL CUSCO |
||
| 082 |
_a027.7 / _bL68 |
||
| 100 |
_aLitton, Gastón L. _924601 |
||
| 245 | _aLa Biblioteca universitaria / | ||
| 260 |
_aArgentina : _bBowker editores ; _c1974. |
||
| 300 |
_a213 páginas ; _c18 cm. |
||
| 440 |
_aBreviarios del bibliotecario _n : 17 _924602 |
||
| 505 | _aContenido: Misión y funciones -- Gobierno -- Personal -- La formación de l colección -- Organización -- Los usuarios -- El préstamo de libros -- El servicio de referencia ... | ||
| 650 |
_aBibliotecas universitarias _924603 |
||
| 650 |
_aAdministración de bibliotecas - Universidad _924604 |
||
| 650 |
_aServicio bibliotecario _924605 |
||
| 650 |
_aUsuarios - servicio - Bibliotecas _924606 |
||
| 942 |
_2ddc _cLIBROS |
||
| 945 | _alccs | ||